साँझ का परिंदा / (Record no. 113785)

MARC details
000 -LEADER
fixed length control field 01188nam a22002777a 4500
003 - CONTROL NUMBER IDENTIFIER
control field dpl
005 - DATE AND TIME OF LATEST TRANSACTION
control field 20181103140618.0
008 - FIXED-LENGTH DATA ELEMENTS--GENERAL INFORMATION
fixed length control field 181103b ||||| |||| 00| 0 eng d
010 ## - LIBRARY OF CONGRESS CONTROL NUMBER
LC control number B-057342
020 ## - INTERNATIONAL STANDARD BOOK NUMBER
Terms of availability 125.00
International Standard Book Number 8179320081
035 ## - SYSTEM CONTROL NUMBER
System control number B-057342, B-057346
037 ## - SOURCE OF ACQUISITION
Source of stock number/acquisition Cen Lib/Ret
040 ## - CATALOGING SOURCE
Original cataloging agency DPL
Language of cataloging HN
Transcribing agency 0
082 ## - DEWEY DECIMAL CLASSIFICATION NUMBER
Classification number
Item number मदान
100 ## - MAIN ENTRY--PERSONAL NAME
Personal name मदान, आदर्श
9 (RLIN) 53839
245 ## - TITLE STATEMENT
Title साँझ का परिंदा /
Statement of responsibility, etc आदर्श मदान
246 ## - VARYING FORM OF TITLE
Title proper/short title Saanjh ka parinda /
Remainder of title by Adarsh Madaan
260 ## - PUBLICATION, DISTRIBUTION, ETC. (IMPRINT)
Name of publisher, distributor, etc साहित्य चन्द्रिका प्रकाशन
Place of publication, distribution, etc जयपुर
Date of publication, distribution, etc 2002
270 ## - ADDRESS
City जयपुर
Address न्यू पिंक सिटी मार्किट, सिधेश्वर मंदिर के पीछे पंचवटी, राजापार्क
300 ## - PHYSICAL DESCRIPTION
Extent 111पृ.
Dimensions 19सेमी(सजिल्द )
650 ## - SUBJECT ADDED ENTRY--TOPICAL TERM
Topical term or geographic name as entry element हिंदी साहित्य
General subdivision
Geographic subdivision
9 (RLIN) 53840
650 ## - SUBJECT ADDED ENTRY--TOPICAL TERM
Topical term or geographic name as entry element हिंदी कहानियां
9 (RLIN) 2082
650 ## - SUBJECT ADDED ENTRY--TOPICAL TERM
Topical term or geographic name as entry element Hindi literature
9 (RLIN) 53841
650 ## - SUBJECT ADDED ENTRY--TOPICAL TERM
Topical term or geographic name as entry element Hindi stories
9 (RLIN) 53842
942 ## - ADDED ENTRY ELEMENTS (KOHA)
Source of classification or shelving scheme Dewey Decimal Classification
Koha item type Hindi Books
Classification part
Call number suffix मदान
Holdings
Withdrawn status Lost status Source of classification or shelving scheme Damaged status Not for loan Collection code Home library Current library Date acquired Source of acquisition Cost, normal purchase price Total Checkouts Full call number Barcode Date last seen Copy number Cost, replacement price Price effective from Koha item type Public note
Written off   Dewey Decimal Classification     Fiction Patel Nagar Patel Nagar 13/08/2015 BPPD/PUB 125.00   क मदान B-057342, B-057343 13/08/2015 1 125.00 13/08/2015 Hindi Books Written off on approval by DLB (By Circulation); dtd 20.12.2022
    Dewey Decimal Classification     Fiction Shahdara Branch Shahdara Branch 03/11/2018 BPPD/PUB 125.00   क मदान B-057346 03/11/2018   125.00 03/11/2018 Hindi Books  

© Delhi Public Library
Hit Counter
free hit counter